Les pays ayant 7 lettres - une minute sprint - Statistiques

Statistiques générales
  • Ce quiz a été pris 808 fois
    709 depuis la dernière actualisation
  • Le résultat moyen est 8 sur 38
Statistiques - réponses
continent pays % Correct
Amérique du Sud Bolivie
53%
Europe Espagne
52%
Afrique Algérie
38%
Amérique du Nord Mexique
36%
Amérique du Sud Uruguay
35%
Europe Irlande
31%
Europe Norvège
31%
Europe Islande
29%
Afrique Tunisie
27%
Océanie Vanuatu
27%
Europe Estonie
24%
Europe Albanie
22%
Océanie Salomon
20%
Afrique Somalie
20%
Europe Pologne
18%
Europe Ukraine
18%
Asie Viêt Nam
18%
Europe Croatie
17%
Europe Hongrie
17%
Amérique du Nord Bahamas
16%
Afrique Namibie
16%
Europe Pays-Bas
16%
Afrique Sénégal
16%
Afrique Nigeria
15%
Asie Turquie
14%
Europe Andorre
13%
Asie Arménie
13%
Asie Bhoutan
13%
Afrique Lesotho
13%
Amérique du Nord Barbade
11%
Amérique du Nord Grenade
11%
Asie Bahrein
10%
Asie Géorgie
10%
Afrique Liberia
10%
Europe Vatican
9%
Afrique Burundi
8%
Afrique Ouganda
8%
Afrique Comores
6%
Aucun quiz correspondant
Distribution des résultats
% des personnes avec chaque résultat
Percentile par nombre de réponses
Votre historique - résultats
Vous n’avez pas pris ce quiz depuis la dernière actualisation